| 000 | 00388nam a2200169Ia 4500 | ||
|---|---|---|---|
| 008 | 230524s9999 xx 000 0 und d | ||
| 082 |
_a530.12 _bPRA |
||
| 100 | _aSatya Prakash | ||
| 245 | 0 | _aQuantum Mechanics | |
| 250 | _a1ST | ||
| 260 |
_aMEERUT _bKedarnath _c2005 |
||
| 300 | _aXI;648 | ||
| 500 | _aQuantity Number: 5 | ||
| 650 | _aPhysics | ||
| 700 | _a S.Saluja | ||
| 942 | _cBK | ||
| 999 |
_c22907 _d22907 |
||